00414nam a2200145Ia 4500003000400000008004100004040001600045082001300061100002200074245009400096260003100190300001000221650001500231650002200246GCL140319s9999 xx 000 0 eng d aGCL / cGCL04a843bN L1 aNABOKOV, VLADIMIR10aLITTERATURESII: GOGOL TOWGUENIEN DOSTOIEVSKI TOLSTOI TCHEKHOV GORKI / cNABOKOV, VLADIMIR a[S.N] : bFAYARD ، c1985 a440 P04aLITERATURE04aFRENCH LITERATURE